[Event "Helsingor Xtracon op"]
[Site "Helsingor"]
[Date "2019.07.28"]
[Round "10"]
[White "Viitaniemi, Olli"]
[Black "Willard, Hakan"]
[Result "1-0"]
[WhiteElo "1778"]
[BlackElo "1614"]
[PlyCount "55"]
[EventDate "2019.07.20"]
[EventType "swiss"]
[EventRounds "10"]
[EventCountry "DEN"]
[SourceTitle "CBM 191 Extra"]
[Source "ChessBase"]
[SourceDate "2019.09.30"]
[SourceVersion "1"]
[SourceVersionDate "2019.09.30"]
[SourceQuality "1"]

1. c4 e5 2. g3 Nf6 3. Bg2 g6 4. Nc3 Bg7 5. e4 0-0 6. Nge2 d6 7. 0-0 Be6 8. d3 c5 9. h3 h6 10. f4 Nc6 11. f5 Bd7 12. Be3 Nd4 13. g4 Qe8 14. Ng3 Kh7 15. g5 hxg5 16. Bxg5 Bc6 17. h4 Nd7 18. f6 Bh6 19. Bxh6 Kxh6 20. Nd5 Bxd5 21. exd5 Qd8 22. Qg4 Nxf6 23. Qg5+ Kg7 24. Rxf6 Rh8 25. Raf1 Qd7 26. Rxf7+ Qxf7 27. Rxf7+ Kxf7 28. Ne4 1-0

[Event "Helsingor Xtracon op"]
[Site "Helsingor"]
[Date "2019.07.26"]
[Round "8"]
[White "Nielsen, Pia"]
[Black "Willard, Hakan"]
[Result "0-1"]
[WhiteElo "1365"]
[BlackElo "1614"]
[PlyCount "82"]
[EventDate "2019.07.20"]
[EventType "swiss"]
[EventRounds "10"]
[EventCountry "DEN"]
[SourceTitle "CBM 191 Extra"]
[Source "ChessBase"]
[SourceDate "2019.09.30"]
[SourceVersion "1"]
[SourceVersionDate "2019.09.30"]
[SourceQuality "1"]

1. Nf3 Nf6 2. c4 c5 3. Nc3 Nc6 4. g3 e5 5. d3 h6 6. Bg2 d6 7. 0-0 Be7 8. e4 0-0 9. Qc2 Nd4 10. Nxd4 cxd4 11. Nd5 Nxd5 12. cxd5 Bd7 13. Qe2 f5 14. f4 fxe4 15. Bxe4 Bh3 16. Rf2 Qd7 17. f5 Bxf5 18. Qh5 Bxe4 19. dxe4 Rxf2 20. Kxf2 Rf8+ 21. Kg2 Rf6 22. a4 Bf8 23. Qe2 g6 24. Ra3 Qc7 25. Ra1 Kh7 26. Rb1 Rf7 27. Qd3 Qa5 28. Bd2 Qxa4 29. h3 Qe8 30. g4 Qe7 31. Qg3 Qf6 32. h4 Qg7 33. g5 h5 34. Ba5 Rf4 35. Qd3 Qd7 36. Be1 Qg4+ 37. Bg3 Rxe4 38. Rf1 Bg7 39. Rf2 Re3 40. Qb5 Rxg3+ 41. Kf1 Rg1# 0-1